ბათუმის შოთა რუსთაველის სახელმწიფო უნივერსიტეტის ბიბლიოთეკა

Review of Medical Physiology / (ბიბ.ჩანაწერი № 58815)

000 -LEADER
fixed length control field 00867nam a22002417a 4500
005 - DATE AND TIME OF LATEST TRANSACTION
control field 20240515161250.0
008 - FIXED-LENGTH DATA ELEMENTS--GENERAL INFORMATION
fixed length control field 220919s2019 enk||||| |||| 00| 0 eng d
020 ## - INTERNATIONAL STANDARD BOOK NUMBER
International Standard Book Number 9789352706921x
041 ## - LANGUAGE CODE
Language code of text/sound track or separate title eng
080 ## - UNIVERSAL DECIMAL CLASSIFICATION NUMBER
Universal Decimal Classification number 612 S-46
100 ## - MAIN ENTRY--PERSONAL NAME
Personal name Sembulingam, K.
9 (RLIN) 8336
245 ## - TITLE STATEMENT
Title Review of Medical Physiology /
Remainder of title K. Sembulingam, Sembulingam, Prema.
250 ## - EDITION STATEMENT
Edition statement Eighth Edition.
264 ## - PRODUCTION, PUBLICATION, DISTRIBUTION, MANUFACTURE, AND COPYRIGHT NOTICE
Place of production, publication, distribution, manufacture New Delhi :
Name of producer, publisher, distributor, manufacturer Jaypee Brothers Medical Pub,
Date of production, publication, distribution, manufacture, or copyright notice 2019.
300 ## - PHYSICAL DESCRIPTION
Extent 144 p.;
Other physical details 27 cm.
653 ## - INDEX TERM--UNCONTROLLED
keyword მედიცინა
653 ## - INDEX TERM--UNCONTROLLED
keyword ფიზიოლოგია
653 ## - INDEX TERM--UNCONTROLLED
keyword სამედიცინო ფიზიოლოგიის საფუძვლები
653 ## - INDEX TERM--UNCONTROLLED
keyword Основы медицинской физиологии
653 ## - INDEX TERM--UNCONTROLLED
keyword медицина
700 ## - ADDED ENTRY--PERSONAL NAME
Personal name Sembulingam, Prema
Relator term ავტორი
9 (RLIN) 14625
942 ## - ADDED ENTRY ELEMENTS (KOHA)
Source of classification or shelving scheme
Koha item type წიგნი
ეგზემპლარები
Withdrawn status Lost status Source of classification or shelving scheme Damaged status Not for loan Permanent Location Current Location Shelving location Date acquired Cost, normal purchase price Full call number Barcode Date last seen Copy number Price effective from Koha item type Public note
          ბათუმის შოთა რუსთაველის სახელმწიფო უნივერსიტეტის მთავარი ბიბლიოთეკა ბათუმის შოთა რუსთაველის სახელმწიფო უნივერსიტეტის მთავარი ბიბლიოთეკა წიგნსაცავი 2022-09-19 196.50 612 S-46 63061 2022-09-19 63061 2022-09-19 წიგნი 196 ლ. 50 თ.
          ბათუმის შოთა რუსთაველის სახელმწიფო უნივერსიტეტის მთავარი ბიბლიოთეკა ბათუმის შოთა რუსთაველის სახელმწიფო უნივერსიტეტის მთავარი ბიბლიოთეკა წიგნსაცავი 2022-09-19 196.50 612 S-46 63062 2022-09-19 63062 2022-09-19 წიგნი 196 ლ. 50 თ.